000 00285nam a2200121Ia 4500
008 190216s9999||||xx |||||||||||||| ||und||
100 _aBhaskaran Pallikurup
245 0 _aOru Shamshayam Bakiyayi
260 _bKeshavalakshmi Books
300 _a72
650 _aKathakal
942 _cBK
999 _c27825
_d27825